000
00271nam a22001217a 4500
082
_a
823
_b
KUN/M
100
_a
KUNDASWAMI, S
245
_a
MODERN ONE ACT PLAYS
260
_a
CALICUT
_b
UNIVERSITY PRESS
_c
1994
300
_a
120
650
_a
ENGLISH STORY
_z
INDIA
942
_c
BK
999
_c
7597
_d
7597